| 000 | 01154cam a2200313 a 4500 | ||
|---|---|---|---|
| 005 | 20200104041518.0 | ||
| 008 | 001121t00001997sp abco r 000 0 spa d | ||
| 020 | _a8434421275 | ||
| 040 |
_aCO-BoPUJ _cCO-BoIAVH _dCO-BoIAVH |
||
| 041 | 0 | _aspa | |
| 044 | _asp | ||
| 082 | 0 | 4 |
_a363.70526 _bM29g |
| 245 | 0 | 0 |
_aManual de gestión del medio ambiente / _cMartí Boada i Junca [y otros 14] ; coordinador Manuel A. Soler Manuel |
| 250 | _aPrimera edición | ||
| 260 |
_aBarcelona, España : _bAriel, _c1997. |
||
| 300 |
_a475 páginas : _bilustraciones, mapas y fotografías ; _c24 x 18 cm. |
||
| 504 | _aIncluye referencias bibliográficas: páginas 459-466. | ||
| 650 | 2 | 6 | _aGestión ambiental |
| 650 | 2 | 6 | _aCambio climático |
| 650 | 2 | 6 | _aEducación Ambiental |
| 650 | 2 | 6 | _aProtección ambiental |
| 650 | 2 | 6 | _aLegislación medioambiental |
| 650 | 2 | 6 | _aEconomía ambiental |
| 700 | 1 |
_aBoada i Junca, Martí _eautor |
|
| 700 | 1 |
_aGonzález Gámez, Manuel _eautor |
|
| 700 | 1 |
_aCampins Eritja, Mar _eautora |
|
| 700 | 1 |
_aSoler, Manuel A. _ecoordinador |
|
| 942 |
_2ddc _cLIBRO |
||
| 999 |
_c1066 _d1066 |
||